000 00503nam a2200169Ia 4500
008 131103s9999 xx 000 0 und d
040 _aLoreto College
041 _aEnglish
082 _a891.431/DIK
_bLCLIB
100 _aDikshit,Shyam Sundarlal
245 _aKrishna kabya me Bhramar Geet
_cShyam Sundarlal Dikshit
260 _aAgra
_bVinod Pustak Mandir
_c1958
300 _a440 p.
_c 22 cm.
650 _aHindi Poetry - Criticism and Interpretation
850 _aLCLIB/891.431/DIK
942 _cBK
999 _c18209
_d68688